| 000 | 00409nam a22001457a 4500 | ||
|---|---|---|---|
| 003 | SGT | ||
| 082 |
_a614 _bA21K |
||
| 100 | _aKUMARI, JAYA | ||
| 245 | _aA STUDY ON LIFESTYLE RELATED RISK FACTORS OF NON-COMMUNICABLE DISEASES AMONG ADULT POPULATION OF RURAL GURUGRAM HARYANA | ||
| 260 |
_aGURUGRAM _bSGT UNIVERSITY _c2021 |
||
| 300 | _a118 | ||
| 650 | _aCOMMUNITY MEDICINE | ||
| 653 | _aM.D. | ||
| 942 |
_2ddc _cTH |
||
| 999 |
_c26541 _d26541 |
||